| 000 | 005440000a22001930004500 | ||
|---|---|---|---|
| 999 |
_c48858 _d48858 |
||
| 001 | 1700 | ||
| 003 | CO-MdFUSB | ||
| 005 | 20180425125605.0 | ||
| 008 | 180425b xxu||||| |||| 00| 0 eng d | ||
| 020 | _a978-958-30-0889 | ||
| 040 | _cCO-MdBIC | ||
| 082 | 0 | 4 | _a809 Ay14m |
| 100 | 1 | _aAyala Poveda, Fernando | |
| 245 | 1 | 0 | _aManual de literatura colombiana / Fernando Ayala Poveda |
| 260 | _aBogotá : Panamericana Editorial | ||
| 300 | _a484 P. | ||
| 650 | 1 | 4 | _aLiteratura Colombiana-Manuales \ Literatura Colombiana-Enseñanza |
| 942 | _cLGB | ||